سر سيد کی لبر ل ،سيکو لر ،ا و ر سا ءنسی طر ز وکر (Record no. 166640)

MARC details
000 -LEADER
fixed length control field 00769nam a22001937a 4500
005 - DATE AND TIME OF LATEST TRANSACTION
control field 20190801130016.0
010 ## - LCCN (DPL NO)
LC control number UR-10325
020 ## - INTERNATIONAL STANDARD BOOK NUMBER
Terms of availability 1880.00
International Standard Book Number 789388356336
035 ## - SYSTEM CONTROL NUMBER
System control number U-8880
037 ## - SOURCE OF ACQUISITION
Source of stock number/acquisition DBAD/PUB
082 ## - DEWEY DECIMAL CLASSIFICATION NUMBER
Classification number 840.8
100 ## - MAIN ENTRY--PERSONAL NAME
Personal name ا فتخا ر ا حمد خا ن
245 ## - TITLE STATEMENT
Title سر سيد کی لبر ل ،سيکو لر ،ا و ر سا ءنسی طر ز وکر
Statement of responsibility, etc ا فتخا ر ا حمد خا ن
246 ## - VARYING FORM OF TITLE
Remainder of title Sir Syed ki Libral,Seculer,Aur Sciencey Tarze Fikr (Urdu)
Title proper/short title by Iftikhar Alam Khan
260 ## - PUBLICATION, DISTRIBUTION, ETC. (IMPRINT)
Place of publication, distribution, etc Delhi
Name of publisher, distributor, etc Educational Publishing House
Date of publication, distribution, etc 2018 ء
270 ## - ADDRESS
Address 3191,Vakil Street,Kucha Pandit,Lal Kuan,
City Delhi
Postal code 110006
Telephone number 23214465
Fax number 00911123211540
300 ## - PHYSICAL DESCRIPTION
Extent 163 ص
Dimensions 22 Cm(Hb)
942 ## - ADDED ENTRY ELEMENTS (KOHA)
Source of classification or shelving scheme Dewey Decimal Classification
Item type Urdu Bks
Classification part 840.8
Call number suffix خ ا ن
Holdings
Withdrawn status Lost status Not for loan Collection code Home library Current library Date acquired Source of acquisition Cost, normal purchase price Full call number Barcode Copy number Cost, replacement price Koha item type
    Not For Loan Non-fiction D.B.Act.Division D.B.Act.Division 01/08/2019 DBAD/PUB 180.00 840.8 خ ا ن U-8880 1 180.00 Urdu Bks

© Delhi Public Library
Hit Counter
free hit counter